| 000 | 02805nam0a2200373 4500 | ||
|---|---|---|---|
| 001 | RU\NLR\BIBL_A\022698882 | ||
| 005 | 20260513094728.0 | ||
| 010 |
_a978-5-91480-344-2 _9300 |
||
| 021 |
_aRU _bКН-П-25-065856 _9КН-П-25-6372 |
||
| 035 | _a(NLR Aleph) 022698882 | ||
| 090 |
_a13704160 _c13704160 |
||
| 100 | _a20260112d2025 k y0rusy50 ca | ||
| 101 | 0 | _arus | |
| 102 | _aRU | ||
| 105 | _aa z 000yy | ||
| 181 | 0 |
_ai _baxxe |
|
| 182 | 1 | _an | |
| 200 | 1 |
_aСборник сведений о фамилиях Алагирского общества Северной Осетии в документах и материалах XIX в. _fСеверо-Осетинский институт гуманитарных и социальных исследований им. В. И. Абаева – филиал ФГБУН Федерального научного центра "Владикавказский научный центр Российской академии наук" _gсоставитель – И. Т. Марзоев _gредакторы: докт. ист. наук З. В. Канукова, докт. ист. наук И. Т. Марзоев |
|
| 203 |
_aТекст _bвизуальный _cнепосредственный |
||
| 210 |
_aВладикавказ _cСеверо-Осетинский институт гуманитарных и социальных исследований им. В. И. Абаева – филиал ФГБУН Федерального научного центра "Владикавказский научный центр Российской академии наук" _d2025 |
||
| 215 |
_a495 с. _cил., табл. _d21 |
||
| 225 | 1 |
_aФамилии Осетии _vвып. 5 |
|
| 320 | _aБиблиогр.: с. 493–494 и в подстроч. примеч. | ||
| 606 | 1 |
_aГенеалогия _yСеверная Осетия _2nlr_sh1 _2nlr_sh2 _3RU\NLR\AUTH\661426634 |
|
| 686 | 1 | _aТ214(2Р-6С) | |
| 702 | 1 |
_aМарзоев _bИ.-Б. Т. _gИслам-Бек Темурканович _3RU\NLR\AUTH\7776377 _4220 |
|
| 702 | 1 |
_aКанукова _bЗ. В. _gЗалина Владимировна _4340 |
|
| 712 | 0 | 2 |
_aСеверо-Осетинский институт гуманитарных и социальных исследований им. В. И. Абаева _cВладикавказ _3RU\NLR\AUTH\8810052839 _4475 |
| 942 | _cBOOK | ||
| 980 | _aGENEAL02 | ||
| 980 | _aNB | ||